| 000 | 01604nam a22002057a 4500 | ||
|---|---|---|---|
| 008 | 241018t2023 xxk|||||o||||o00| 0 eng d | ||
| 041 | _aeng | ||
| 110 | _aDepartment for Environment, Food and Rural Affairs | ||
| 245 |
_aThe Rock Review: summary and recommendations _bsummary and recommendations _h[Electronic resource] |
||
| 260 |
_bDepartment for Environment Food & Rural Affairs _cMay 2023 |
||
| 520 | _aIn February 2022 the DEFRA Secretary of State asked Baroness Rock to Chair a newly formed Tenancy Working Group with two clear objectives. The first was to look at how the new government financial schemes should be accessible, open, and flexible to tenant farmers. The second was to look at longer term changes that would ensure a robust, vibrant, and thriving agricultural tenanted sector for the future. With roughly a third of farmed land in England being tenanted, tenant farmers are vital to the nation’s food production alongside the delivery of environmental outcomes. This document sets out the foreword, key facts, executive summary and headline recommendations of The Rock Review from the independent Tenancy Working Group. | ||
| 650 | _aAGRICULTURAL TENANCIES | ||
| 650 | _aLANDLORD AND TENANT | ||
| 650 | _aTENANT FARMERS | ||
| 651 | _aEngland | ||
| 690 |
_96252 _aLandlord and tenant |
||
| 710 | _aDepartment for Environment, Food and Rural Affairs | ||
| 856 |
_uhttps://www.gov.uk/government/publications/the-rock-review-working-together-for-a-thriving-agricultural-tenanted-sector/the-rock-review-summary-and-recommendations _zView on .gov.uk |
||
| 942 | _n0 | ||
| 999 |
_c122029 _d122029 |
||